THE DEVELOPMENT OF INDIA AGRICULTURE. (Record no. 1269483)

MARC details
000 -LEADER
fixed length control field 00564nam a2200181Ia 4500
008 - FIXED-LENGTH DATA ELEMENTS--GENERAL INFORMATION
fixed length control field 151202s9999||||xx |||||||||||||| ||und||
082 ## - DEWEY DECIMAL CLASSIFICATION NUMBER
Item number PNVM-3485
100 ## - MAIN ENTRY--PERSONAL NAME
Personal name HOWARD ALBERT & HOWARD GABRIELLE L. C.
245 ## - TITLE STATEMENT
Title THE DEVELOPMENT OF INDIA AGRICULTURE.
260 ## - PUBLICATION, DISTRIBUTION, ETC. (IMPRINT)
Name of publisher, distributor, etc "H.MILFORD, LONDON."
260 ## - PUBLICATION, DISTRIBUTION, ETC. (IMPRINT)
Date of publication, distribution, etc 1920
300 ## - PHYSICAL DESCRIPTION
Extent 200
600 ## - SUBJECT ADDED ENTRY--PERSONAL NAME
Personal name HOWARD ALBERT & HOWARD GABRIELLE L. C.
630 ## - SUBJECT ADDED ENTRY--UNIFORM TITLE
Uniform title THE DEVELOPMENT OF INDIA AGRICULTURE.
700 ## - ADDED ENTRY--PERSONAL NAME
Personal name HOWARD ALBERT & HOWARD GABRIELLE L. C.
730 ## - ADDED ENTRY--UNIFORM TITLE
Uniform title THE DEVELOPMENT OF INDIA AGRICULTURE.
942 ## - ADDED ENTRY ELEMENTS (KOHA)
Koha item type Book
Holdings
Withdrawn status Lost status Damaged status Not for loan Home library Current library Date acquired Cost, normal purchase price Total Checkouts Full call number Barcode Date last seen Cost, replacement price Price effective from Koha item type
        Pune Nagar Vachan Mandir, Pune Pune Nagar Vachan Mandir, Pune 06/21/2015 0.00   PNVM-3485 PNVM-3485 12/02/2015 0.00 12/02/2015 Book